000 01263 a2200241 4500
999 _c5776
_d5776
020 _a0521560519 (hardback)
050 0 0 _aQC981.8 BRU 1996
245 0 0 _aClimate change 1995 :
_beconomic and social dimensions of climate change /
_cedited by James P. Bruce, Hoesung Lee, Erik F. Haites.
264 _aNew York:
_bCambridge University Press,
_c1996
300 _ax, 448 p. :
_bill. ;
500 _a"Contribution of Working Group III to the second assessment report of the Intergovernmental Panel on Climate Change."
504 _aIncludes bibliographical references.
650 0 _aClimatic changes
_xSocial aspects
_xEvaluation.
650 0 _aClimatic changes
_xEconomic aspects
_xEvaluation.
700 1 _aBruce, J. P.
_q(James P.),
_d1928-
700 1 _a
_d1945-
700 1 _aHaites, Erik F.
710 2 _aIntergovernmental Panel on Climate Change.
856 4 2 _3Publisher description
_uhttp://www.loc.gov/catdir/description/cam021/96025453.html
856 4 1 _3Table of contents
_uhttp://www.loc.gov/catdir/toc/cam021/96025453.html
942 _2lcc
_cBK
_h981.8
_iBRU
_kQC